000 00557nam a22001577a 4500
020 _qHard Cover.
082 _a620.005
100 _aKhaliq, Humaira
245 _aAssessing the airline schedule perturbation and its recovery:
_bA case of Pakistan international airlines (PIA) /
_cHumaira Khaliq.
260 _aIslamabad:
_bCEME - NUST,
_c2013.
300 _a42 p. :
_bill. ;
_c30cm.
650 _aEngineering Management MS-Thesis.
_916065
700 _a Dr. Shoab a Khan
_918474
942 _2ddc
_cTHE
999 _c540617
_d540617